00294 a2200097 4500001000700000040003500007100003800042240005600080245005100136362000900187153877 cEscola São Tomás de Aquino aOLIVEIRA FILHO, Milton Célio de10aO caso da lagarta que tomou chá de sumiço lpor10aO caso da lagarta que tomou chá de sumiço 0 a2007